00506nab a2200145uuc4500001000800000005001700008008004100025035001200066040001300078041000800091245008700099260002100186650002300207773013000230136421520240202114702.0140325e19211101 spa  a1364215 ccomduadb aspa13aUn caso desgraciado de tuberculosis renal. Por el doctor German Reyes R. de Bogota c01 - Nov - 1921. aTuberculosis renal0 tRepertorio de Medicina y Cirugía (Bogotá)gVolumen 13, Número 02, Noviembre 1921, P. 62 - 67w486162x0121-73720127625